| 000 | 00655nam a2200181Ia 4500 | ||
|---|---|---|---|
| 003 | GCL | ||
| 008 | 140319s9999 xx 000 0 ara d | ||
| 040 |
_aGCL / _cGCL |
||
| 082 | 0 | 4 |
_a819 _bج ا |
| 100 | 1 | _aجبران خليل جبران | |
| 245 | 1 | 0 |
_aالارواح المتمردة - الاجنحة المتكسرة - الموسيقى : 3 كتب فى كتاب / _cجبران خليل جبران |
| 300 | _a210 ص | ||
| 490 |
_aكتاب الهلال _v0 |
||
| 650 | 0 | 4 | _aالقصص العربية |
| 650 | 0 | 4 | _aالادب العربى - العصر الحديث |
| 650 | 0 | 4 | _aالبلاغة العربية - العصر الحديث |
| 942 |
_2ddc _cBK |
||
| 999 |
_c39918 _d39918 |
||